Applied Physics _-II Sem.- IV ( S.Y.B.Sc. ) (Record no. 370526)

MARC details
000 -LEADER
fixed length control field 00366nam a22001457a 4500
005 - DATE AND TIME OF LATEST TRANSACTION
control field 20260227112426.0
008 - FIXED-LENGTH DATA ELEMENTS--GENERAL INFORMATION
fixed length control field 260227b |||||||| |||| 00| 0 eng d
041 ## - LANGUAGE CODE
Language code of text/sound track or separate title Eng.
100 ## - MAIN ENTRY--PERSONAL NAME
Author Bhise, R.B. & Others
245 ## - TITLE STATEMENT
Title Applied Physics _-II Sem.- IV ( S.Y.B.Sc. )
250 ## - EDITION STATEMENT
Edition statement 1st ed.
260 ## - PUBLICATION, DISTRIBUTION, ETC.
Place of publication, distribution, etc. Pune
Name of publisher, distributor, etc. Nirali Books
300 ## - PHYSICAL DESCRIPTION
Extent 3.46
942 ## - ADDED ENTRY ELEMENTS (KOHA)
Koha item type Books
Holdings
Withdrawn status Lost status Source of classification or shelving scheme Damaged status Not for loan Home library Current library Date acquired Vendor Cost, normal purchase price Bill number Total Checkouts Barcode Date last seen Bill Date Koha item type Original Barcode
    Dewey Decimal Classification     Shri Siddhivinayak Mahila Mahavidyalaya Shri Siddhivinayak Mahila Mahavidyalaya 27/02/2026 Nirali 70.00 P 75710   SSMM-BK-35004 27/02/2026 24/02/2026 Books 010035004
    Dewey Decimal Classification     Shri Siddhivinayak Mahila Mahavidyalaya Shri Siddhivinayak Mahila Mahavidyalaya 27/02/2026 Nirali 70.00 P 75710   SSMM-BK-35005 27/02/2026 24/02/2026 Books 010035005
    Dewey Decimal Classification     Shri Siddhivinayak Mahila Mahavidyalaya Shri Siddhivinayak Mahila Mahavidyalaya 27/02/2026 Nirali 70.00 P 75710   SSMM-BK-35006 27/02/2026 24/02/2026 Books 010035006
    Dewey Decimal Classification     Shri Siddhivinayak Mahila Mahavidyalaya Shri Siddhivinayak Mahila Mahavidyalaya 27/02/2026 Nirali 70.00 P 75710   SSMM-BK-35007 27/02/2026 24/02/2026 Books 010035007
    Dewey Decimal Classification     Shri Siddhivinayak Mahila Mahavidyalaya Shri Siddhivinayak Mahila Mahavidyalaya 27/02/2026 Nirali 70.00 P 75710   SSMM-BK-35008 27/02/2026 24/02/2026 Books 010035008